|
|
|
|
| LEADER |
01290nam a22003132a 4500 |
| 001 |
000133898 |
| 003 |
CZ BrMZK |
| 005 |
20260420133637.0 |
| 007 |
ta |
| 008 |
970107s1964 xr f cze d |
| 015 |
|
|
|a cnb000519770
|z cnb000154119
|
| 040 |
|
|
|a BOA001
|b cze
|
| 100 |
1 |
|
|a Trefulka, Jan,
|d 1929-2012
|7 jk01140076
|4 aut
|
| 245 |
1 |
0 |
|a Třiatřicet stříbrných křepelek /
|c Jan Trefulka
|
| 246 |
3 |
|
|a Třiatřicet stříbrných křepelek
|
| 250 |
|
|
|a 1. vyd.
|
| 260 |
|
|
|a Praha :
|b Československý spisovatel,
|c 1964
|
| 300 |
|
|
|a 85 s.
|
| 490 |
1 |
|
|a Život kolem nás. Malá řada ;
|v sv. 5
|
| 500 |
|
|
|a Dostupné též v digitalizované podobě v aplikaci Kramerius
|
| 830 |
|
0 |
|a Život kolem nás.
|p Malá řada
|0 s
|
| 856 |
4 |
1 |
|u http://www.digitalniknihovna.cz/mzk/uuid/uuid:6ab93f70-8d33-11e2-8593-005056827e52
|y Digitalizovaný dokument
|x NDK
|
| 910 |
|
|
|a BOA001
|b PK-A-0008.857
|b 1-0510.104
|
| 920 |
|
|
|a 000132876
|
| 990 |
|
|
|a BK
|
| 991 |
|
|
|p NDK 2012/92
|
| 996 |
6 |
|
|b 2610515075
|c 1-0510.104
|l MZK
|r Sklad / do 1 hodiny
|n 0
|w 000133898
|u 000040
|a 1
|e BOA001
|j MZK50
|s P
|
| 996 |
6 |
|
|b 2619785341
|c 1-0510.104
|l MZK
|r Sklad / do 1 hodiny
|n 5
|w 000133898
|u 000030
|a 1
|e BOA001
|j MZK50
|s P
|
| 996 |
6 |
|
|b 3119953854
|c PK-A-0008.857
|l MZK
|r Sklad / do 1 hodiny
|n 2
|w 000133898
|u 000010
|a 1
|e BOA001
|j MZK50
|s P
|